| 000 | 00642nam a2200217 4500 | ||
|---|---|---|---|
| 001 | 2185331 | ||
| 005 | 20180103072129.0 | ||
| 008 | 711102s1971 nyu d 000 0 eng | ||
| 010 | _a 71164001 | ||
| 040 |
_aDLC _cDLC _dDLC |
||
| 041 | _aeng | ||
| 080 | _aR 428.1 | ||
| 082 | 0 | 0 | _aR 428.1 |
| 100 | _a39 | ||
| 101 | _aREF | ||
| 245 | 0 | 0 |
_aWebster's New World 33,000 word book, _ccompiled by Shirley M. Miller and based upon Webster's New World dictionary of the American language, 2d college ed. |
| 350 | _a$2.95 | ||
| 740 | _aNew World 33,000 word book. | ||
| 906 |
_a7 _bcbc _corignew _d2 _encip _f19 _gy-gencatlg |
||
| 942 |
_2ddc _cBK |
||
| 999 |
_c39635 _d39635 |
||